000 00544nam a22001937a 4500
005 20140821110216.0
010 _aENG-110588
020 _c600.00
_a9789381345023
035 _aEN-94120
037 _bDBAD/PUB
082 _a330.092
100 _aRoy, Anuradha
245 _aBengal marxism /
_cby Anuradha Roy
260 _aNew Delhi
_bRupa Publications
_c2014
270 _bNew Delhi
_e110002
_a7/16, Ansari Road, Daryaganj
300 _axii,216p.
_c23cm(Hb)
500 _aIncludes index
942 _2ddc
_cEN
_mROY
_h330.092
999 _c87497
_d87497